Financial Sector Assessment Program After Ten Years-Experience and Reforms for the Next Decade.

Ten years after its inception, the FSAP has established itself as an important instrument for assessing financial systems around the world. More than three-quarters of the membership have volunteered for FSAP assessments or agreed to do so in the near future, including almost all the G20 countries....

Cijeli opis

Bibliografski detalji
Autor kompanije: International Monetary Fund
Format: Žurnal
Jezik:English
Izdano: Washington, D.C. : International Monetary Fund, 2009.
Serija:Policy Papers; Policy Paper ; No. 2009/062
Online pristup:Full text available on IMF
LEADER 02203cas a2200241 a 4500
001 AALejournalIMF019849
008 230101c9999 xx r poo 0 0eng d
020 |c 5.00 USD 
020 |z 9781498335577 
022 |a 2663-3493 
040 |a BD-DhAAL  |c BD-DhAAL 
110 2 |a International Monetary Fund. 
245 1 0 |a Financial Sector Assessment Program After Ten Years-Experience and Reforms for the Next Decade. 
264 1 |a Washington, D.C. :  |b International Monetary Fund,  |c 2009. 
300 |a 1 online resource (52 pages) 
490 1 |a Policy Papers 
500 |a <strong>Off-Campus Access:</strong> No User ID or Password Required 
500 |a <strong>On-Campus Access:</strong> No User ID or Password Required 
506 |a Electronic access restricted to authorized BRAC University faculty, staff and students 
520 3 |a Ten years after its inception, the FSAP has established itself as an important instrument for assessing financial systems around the world. More than three-quarters of the membership have volunteered for FSAP assessments or agreed to do so in the near future, including almost all the G20 countries. Previous reviews have confirmed that the FSAP has helped deepen the understanding of countries' financial sectors and linkages with the rest of the economy, enriched the policy dialogue, and ensured consistency of Bank and the Fund advice, the last being a feature highly valued by participating countries. As also noted in the Malan Report, the collaborative nature of the FSAP adds value by effectively addressing areas of financial sector policy where developmental and stability concerns are interlinked and overlap and by facilitating knowledge spillovers between the two institutions. These past reviews have noted, however, the need to make the FSAP more flexible, responsive, and continuous, to deepen and strengthen the analytical toolkit, and to integrate the FSAP more closely with the Bank's and the Fund's other financial sector work. 
538 |a Mode of access: Internet 
830 0 |a Policy Papers; Policy Paper ;  |v No. 2009/062 
856 4 0 |z Full text available on IMF  |u http://elibrary.imf.org/view/journals/007/2009/062/007.2009.issue-062-en.xml  |z IMF e-Library